Pays les plus montagneux - Statistiques

Statistiques générales
  • Ce quiz a été pris 113 fois
  • Le résultat moyen est 5 sur 10
Statistiques - réponses
% Pays % Correct
80,7% Népal
90%
83,6% Suisse
90%
98,8% Bhoutan
67%
91,9% Tadjikistan
46%
85,9% Arménie
43%
90,7% Kirghizistan
42%
90,5% Lesotho
24%
81,1% Liban
17%
89,3% Montenegro
15%
85,5% Macédoine du Nord
13%
Aucun quiz correspondant
Distribution des résultats
% des personnes avec chaque résultat
Percentile par nombre de réponses
Votre historique - résultats
Vous n’avez pas pris ce quiz